000 01356nam a2200361 a 4500
001 ebr10006985
003 CaPaEBR
006 m u
007 cr cn|||||||||
008 000901s2001 nju s 001 0 eng
010 _z 00046594
020 _z1564145123 (pbk.)
040 _aCaPaEBR
_cCaPaEBR
035 _a(OCoLC)70766711
050 1 4 _aKF2995
_b.B47 2001eb
082 0 4 _a346.7304/82
_221
100 1 _aBesenjak, Cheryl,
_d1949-
245 1 0 _aCopyright plain & simple
_h[electronic resource] /
_cby Cheryl Besenjak.
246 3 _aCopyright plain and simple
250 _a2nd ed.
260 _aFranklin Lakes, NJ :
_bCareer Press,
_cc2001.
300 _a191 p.
490 1 _aPlain & simple series
500 _aRev. ed. of: Copyright plain and simple. c1997.
500 _aIncludes index.
533 _aElectronic reproduction.
_bPalo Alto, Calif. :
_cebrary,
_d2013.
_nAvailable via World Wide Web.
_nAccess may be limited to ebrary affiliated libraries.
650 0 _aCopyright
_zUnited States
_vPopular works.
655 7 _aElectronic books.
_2local
700 1 _aBesenjak, Cheryl,
_d1949-
_tCopyright plain and simple.
710 2 _aebrary, Inc.
830 0 _aPlain & simple series.
856 4 0 _uhttp://site.ebrary.com/lib/rucke/Doc?id=10006985
_zAn electronic book accessible through the World Wide Web; click to view
999 _c15842
_d15842